000 00602nam a22002417a 4500
003 UA-OsUOA
001 99470
007 ta
008 20130429b un ||||| |||| 00| 0 ukr d
100 _aТанеев С.
090 _a821.161.1
_bТ18
942 _cBK
040 _aUA-OsUOA
_brus
_cUA-OsUOA
_dUA-OsUOA
245 _aДневники
300 _a430 с.
955 _a3
041 _arus
080 _a821.161.1
260 _aМ.
_bМузыка
_c1982
246 3 1 _aКн. 2
_n1899 - 1902
650 7 _a82 Література. Літературознавство
_2UDC
999 _c385714
_d385714